Statistiques concernant Ministre-présidents de Wallonie

Cliquez ici pour prendre le quiz!

Statistiques générales

  • Ce quiz a été pris 10 fois
  • Le résultat moyen est 4 sur 13

Statistiques - réponses

Answer % Correct
Elio Di Rupo
100%
Paul Magnette
71%
Willy Borsus
43%
Guy Spitaels
43%
Rudy Demotte
43%
Jean-Claude Van Cauwenberghe
43%
André Antoine
14%
Melchior Wathelet
14%
Robert Collignon
0%
André Damseaux
0%
Guy Coëme
0%
Bernard Anselme
0%
Jean-Maurice Dehousse
0%

Distribution des résultats

Percentile by Number Answered

% des personnes avec chaque résultat

Votre développement - résultats

Vous n’avez pas pris ce quiz